Zvláštní pracovní podmínky žen.

Podľa štatistiky v prvom polroku 1992 prvé miesto na rebríčku nezamestnaných zaujímali ženy. Zamestnaniu žien a ich pracovným podmienkam by sa mala venovať mimoriadna pozornosť. Uvedenie medzinárodných dohôd, týkajúcich sa ochrany pracujúcich žien, záväzných aj pre ČSFR. Čs. právne normy z oblasti o...

Descrizione completa

Salvato in:
Dettagli Bibliografici
Autore principale: Jouza, L.
Natura: Capitolo di libro
Lingua:ceco
Soggetti:
Tags: Aggiungi Tag
Nessun Tag, puoi essere il primo ad aggiungerne!!

MARC

LEADER 00000naa a2200000 4500
001 r009187
005 20220831084611.6
041 0 |a cze 
044 |a [CS] 
245 1 0 |a Zvláštní pracovní podmínky žen.  |c L. Jouza 
520 |a Podľa štatistiky v prvom polroku 1992 prvé miesto na rebríčku nezamestnaných zaujímali ženy. Zamestnaniu žien a ich pracovným podmienkam by sa mala venovať mimoriadna pozornosť. Uvedenie medzinárodných dohôd, týkajúcich sa ochrany pracujúcich žien, záväzných aj pre ČSFR. Čs. právne normy z oblasti ochrany pracujúcich žien. 
610 2 0 |a práca žien 
610 2 0 |a podmienky pracovné 
610 2 0 |a ženy 
610 2 0 |a údaje štatistické 
610 2 0 |a ČSFR 
610 2 0 |a 1992 
610 2 0 |a nezamestnanosť 
610 2 0 |a ochrana pracovníkov 
610 2 0 |a zmluvy medzinárodné 
610 2 0 |a normy právne 
100 1 |a Jouza, L.